000 00585nam a2200205Ia 4500
003 GCL
008 140319s9999 xx 000 0 ara d
040 _aGCL /
_cGCL
082 0 4 _a245
_bم ف
100 1 _aمحمد عمارة
245 1 0 _aالفرق الاسلامية /
_cمحمد عمارة
300 _a171 ص
490 _aموسوعة الحضارة العربية الاسلامية
_v0
650 0 4 _aالاسلام
650 0 4 _aالخوارج
650 0 4 _aالفرق الاسلامية
650 0 4 _aالمعتزلة
650 0 4 _aالمرجلة
942 _2ddc
_cBK
999 _c48212
_d48212